[Event "Pan American Intercollegiate-chT"]
[Site "Charlotte"]
[Date "2025.01.04"]
[Round "5.26"]
[White "Zhang, Eric M"]
[Black "Guo, Arthur"]
[Result "1/2-1/2"]
[WhiteElo "2261"]
[BlackElo "2519"]
[PlyCount "157"]
[EventDate "2025.01.02"]
[EventType "team-swiss"]
[EventRounds "6"]
[EventCountry "USA"]
[SourceTitle "CB02_2025"]
[SourceDate "2025.01.08"]
[SourceVersion "1"]
[SourceVersionDate "2025.01.08"]
[SourceQuality "1"]
[WhiteTeam "Illinois Urbana Champain"]
[BlackTeam "Yale"]
[WhiteTeamCountry "USA"]
[BlackTeamCountry "USA"]

1. d4 Nf6 2. c4 e6 3. Nf3 b6 4. g3 Bb7 5. Bg2 Be7 6. 0-0 0-0 7. Nc3 Ne4 8. Qc2 Nxc3 9. Qxc3 d6 10. Re1 a5 11. Qc2 f5 12. d5 e5 13. e4 Bc8 14. exf5 Bxf5 15. Qe2 Bg4 16. h3 Bxf3 17. Bxf3 Bg5 18. Be4 Bxc1 19. Raxc1 Nd7 20. Rc3 Qe7 21. Rf3 Nc5 22. Bc2 Rxf3 23. Qxf3 Rf8 24. Qe3 Qf6 25. Re2 Rb8 26. Qc3 Qf7 27. Re3 b5 28. Rf3 Qe7 29. b3 bxc4 30. Qxc4 e4 31. Re3 Qe5 32. a3 Qa1+ 33. Kg2 Qxa3 34. Bxe4 Rf8 35. Qc2 h6 36. Bf3 Qa1 37. Bg4 Qf6 38. Qe2 Qd4 39. Be6+ Kh8 40. h4 Qf6 41. Bg4 Qg6 42. Be6 Qb1 43. Qg4 Qc2 44. Rf3 Rxf3 45. Qxf3 Qe4 46. Qxe4 Nxe4 47. Bf5 Nc3 48. Be6 Ne2 49. Bg4 Nd4 50. Bd1 g6 51. f4 h5 52. Kh3 Kg7 53. g4 hxg4+ 54. Kxg4 Kf6 55. Kg3 Nf5+ 56. Kf3 Nxh4+ 57. Ke4 Nf5 58. Bc2 Ng3+ 59. Kf3 Nf5 60. Ke4 Ne7 61. Bb1 Nc8 62. Kd4 Nb6 63. Bc2 Kg7 64. Bd3 Kh6 65. Bc2 Kh5 66. Bd1+ Kh6 67. Bc2 g5 68. fxg5+ Kxg5 69. Bd3 Kg4 70. Bc2 Kf3 71. Be4+ Ke2 72. Bf5 Kd2 73. Be4 Kc1 74. Kc3 Nd7 75. Bg2 Nc5 76. b4 axb4+ 77. Kxb4 Nd3+ 78. Kb5 Nf4 79. Kc6 1/2-1/2

[Event "USA-ch U20"]
[Site "Saint Louis"]
[Date "2024.07.19"]
[Round "4"]
[White "Liang, Jason"]
[Black "Guo, Arthur"]
[Result "1-0"]
[WhiteElo "2412"]
[BlackElo "2529"]
[PlyCount "87"]
[EventDate "2024.07.16"]
[EventType "tourn"]
[EventRounds "9"]
[EventCountry "USA"]
[EventCategory "9"]
[SourceTitle "EXT 2025"]
[Source "ChessBase"]
[SourceDate "2024.10.14"]
[SourceVersion "1"]
[SourceVersionDate "2024.10.14"]
[SourceQuality "1"]

1. e4 e6 2. d4 d5 3. Nc3 Bb4 4. e5 c5 5. a3 Bxc3+ 6. bxc3 Nc6 7. Qg4 g6 8. Qd1 Qa5 9. Bd2 Bd7 10. Rb1 Qc7 11. Nf3 c4 12. Be2 h6 13. a4 0-0-0 14. 0-0 f6 15. Qc1 g5 16. Re1 Rf8 17. Qa3 Nge7 18. exf6 Ng6 19. Ne5 Ngxe5 20. dxe5 Nxe5 21. Be3 Nc6 22. Bc5 Rxf6 23. Bd6 Qd8 24. Rb5 Rh7 25. a5 a6 26. Rb6 Be8 27. Bg4 Qd7 28. h4 gxh4 29. Qc5 Kd8 30. Reb1 Qc8 31. Bh2 Rg7 32. Bh3 Bg6 33. Rxc6 Qxc6 34. Qd4 Rgf7 35. Rb6 Rxf2 36. Be5 Rf1+ 37. Kh2 Qa4 38. Rd6+ Rd7 39. Qb6+ Ke8 40. Rxe6+ Kf8 41. Rxg6 Qa1 42. Qc5+ Re7 43. Qc8+ Re8 44. Rg8+ 1-0

[Event "USA-ch U20"]
[Site "Saint Louis"]
[Date "2024.07.18"]
[Round "3"]
[White "Guo, Arthur"]
[Black "Hong, Andrew Z"]
[Result "1/2-1/2"]
[WhiteElo "2529"]
[BlackElo "2570"]
[PlyCount "93"]
[EventDate "2024.07.16"]
[EventType "tourn"]
[EventRounds "9"]
[EventCountry "USA"]
[EventCategory "9"]
[SourceTitle "EXT 2025"]
[Source "ChessBase"]
[SourceDate "2024.10.14"]
[SourceVersion "1"]
[SourceVersionDate "2024.10.14"]
[SourceQuality "1"]

1. e4 e5 2. Nf3 Nc6 3. d4 exd4 4. Nxd4 Nf6 5. Nc3 Bb4 6. Nxc6 bxc6 7. Bd3 d5 8. exd5 0-0 9. 0-0 Bg4 10. f3 Bh5 11. Bg5 cxd5 12. Kh1 c6 13. Ne2 Bg6 14. Bxg6 hxg6 15. Qd4 Be7 16. Rfe1 Re8 17. b3 Bd6 18. Bf4 c5 19. Qd2 d4 20. c3 Bxf4 21. Nxf4 Qa5 22. Rec1 Rad8 23. Qb2 g5 24. Nh3 d3 25. Ng1 Nd5 26. Qd2 Nf4 27. Re1 Ne2 28. Nxe2 dxe2 29. Qc2 Qa6 30. a4 Qd3 31. Qxd3 Rxd3 32. Rac1 Red8 33. Rxe2 Rxc3 34. Ree1 Rxb3 35. Rxc5 Ra3 36. Ra5 Rd4 37. Rxa7 Rdxa4 38. Rxa4 Rxa4 39. Kg1 Ra2 40. Kf1 f6 41. Re2 Ra4 42. Rb2 Kf7 43. Kf2 Ra3 44. Re2 Ra4 45. Rb2 Ra3 46. Re2 Ra4 47. Rb2 1/2-1/2

[Event "World op 52nd"]
[Site "Philadelphia"]
[Date "2024.07.05"]
[Round "4"]
[White "Guo, Arthur"]
[Black "Durarbayli, Vasif"]
[Result "1/2-1/2"]
[WhiteElo "2529"]
[BlackElo "2628"]
[PlyCount "118"]
[EventDate "2024.07.03"]
[EventType "swiss"]
[EventRounds "9"]
[EventCountry "USA"]
[SourceTitle "CBM 221 Extra"]
[Source "ChessBase"]
[SourceDate "2024.09.30"]
[SourceVersion "1"]
[SourceVersionDate "2024.09.30"]
[SourceQuality "1"]

1. e4 e6 2. d4 d5 3. e5 c5 4. c3 Nc6 5. Nf3 Bd7 6. Be2 Nge7 7. 0-0 cxd4 8. cxd4 Nf5 9. Nc3 Rc8 10. Kh1 a6 11. Be3 Na5 12. Bd3 Nxe3 13. fxe3 Nc4 14. Bxc4 Rxc4 15. Nd2 Rc7 16. e4 Bc6 17. exd5 Bxd5 18. Nxd5 Qxd5 19. Qg4 h5 20. Qf4 h4 21. h3 Rh5 22. Rac1 Rf5 23. Qxf5 exf5 24. Rxc7 Be7 25. Nc4 Qxd4 26. Nd6+ Bxd6 27. exd6 Qxd6 28. Re1+ Kd8 29. Rxb7 Qd2 30. Rf1 Qd5 31. Rb3 g6 32. Rff3 Ke7 33. Rfd3 Qa5 34. Rb7+ Kf8 35. a3 Kg7 36. Rdd7 Kh6 37. Rxf7 Qe1+ 38. Kh2 a5 39. Rfc7 Qe4 40. Re7 Qc6 41. Rbd7 Qc4 42. Re1 Kg5 43. Red1 Qb3 44. R1d2 Qg3+ 45. Kg1 Qe1+ 46. Kh2 a4 47. R7d4 Kh5 48. R2d3 Qe2 49. Rd2 Qe5+ 50. Kg1 Qe1+ 51. Kh2 g5 52. Rd8 Qe5+ 53. Kg1 f4 54. Rf2 Qe3 55. Rc8 f3 56. gxf3 Qe6 57. Rh8+ Kg6 58. f4 Qe1+ 59. Kg2 Qe4+ 1/2-1/2

[Event "New York Summer 1000 GM GM-A"]
[Site "New York"]
[Date "2023.07.07"]
[Round "3"]
[White "Pakleza, Zbigniew"]
[Black "Guo, Arthur"]
[Result "1/2-1/2"]
[WhiteElo "2494"]
[BlackElo "2483"]
[PlyCount "32"]
[EventDate "2023.07.06"]
[EventType "tourn"]
[EventRounds "9"]
[EventCountry "USA"]
[EventCategory "8"]
[SourceTitle "CBM 215 Extra"]
[Source "ChessBase"]
[SourceDate "2023.09.30"]
[SourceVersion "1"]
[SourceVersionDate "2023.09.30"]
[SourceQuality "1"]

1. Nf3 d5 2. e3 Nf6 3. c4 e6 4. Nc3 Nbd7 5. b3 a6 6. Bb2 b6 7. d4 Bb7 8. Bd3 Bd6 9. Qc2 0-0 10. cxd5 exd5 11. 0-0 Re8 12. Ne2 Ne4 13. Rac1 Rc8 14. Ng3 Qf6 15. Qe2 Ra8 16. Rc2 Qe6 1/2-1/2

[Event "Dortmund Sparkassen op 50th"]
[Site "Dortmund"]
[Date "2023.06.26"]
[Round "3"]
[White "Guo, Arthur"]
[Black "Prohaszka, Peter"]
[Result "1-0"]
[WhiteElo "2445"]
[BlackElo "2585"]
[PlyCount "65"]
[EventDate "2023.06.24"]
[EventType "swiss"]
[EventRounds "9"]
[EventCountry "GER"]
[SourceTitle "CBM 215 Extra"]
[Source "ChessBase"]
[SourceDate "2023.09.30"]
[SourceVersion "1"]
[SourceVersionDate "2023.09.30"]
[SourceQuality "1"]

1. e4 c6 2. d4 d5 3. e5 Bf5 4. Nf3 e6 5. Be2 Nd7 6. 0-0 a5 7. a4 f6 8. Bd3 Bxd3 9. Qxd3 fxe5 10. dxe5 Nc5 11. Qd4 Qd7 12. Be3 Nh6 13. Bxh6 gxh6 14. Nbd2 Rg8 15. c3 h5 16. h3 Qf7 17. Qe3 Be7 18. Kh1 Qg6 19. Ne1 0-0-0 20. b4 axb4 21. cxb4 Ne4 22. b5 Bg5 23. f4 Bh4 24. Nxe4 Qxe4 25. Qd2 d4 26. Nf3 Bg3 27. bxc6 bxc6 28. Rab1 Bxf4 29. Qb4 Kd7 30. Qd6+ Ke8 31. Qxe6+ Kf8 32. Qf6+ Ke8 33. Rb7 1-0

[Event "Balatonlelle Rigo Memorial GM 2nd"]
[Site "Balatonlelle"]
[Date "2023.06.21"]
[Round "8"]
[White "Manish, Anto Cristiano F"]
[Black "Guo, Arthur"]
[Result "0-1"]
[WhiteElo "2436"]
[BlackElo "2445"]
[PlyCount "118"]
[EventDate "2023.06.14"]
[EventType "tourn"]
[EventRounds "9"]
[EventCountry "HUN"]
[EventCategory "6"]
[SourceTitle "CBM 214 Extra"]
[Source "ChessBase"]
[SourceDate "2023.07.31"]
[SourceVersion "1"]
[SourceVersionDate "2023.07.31"]
[SourceQuality "1"]

1. e4 e5 2. Nf3 Nc6 3. Bb5 a6 4. Ba4 Nf6 5. 0-0 Be7 6. Re1 b5 7. Bb3 0-0 8. h3 d6 9. c3 Nb8 10. d4 Nbd7 11. Nbd2 Bb7 12. Bc2 Re8 13. Nf1 Bf8 14. Ng3 g6 15. b3 a5 16. a4 b4 17. Bb2 Bh6 18. cxb4 axb4 19. dxe5 dxe5 20. Bc1 Bf4 21. Nf1 Nc5 22. Bxf4 exf4 23. Qc1 Bxe4 24. Bxe4 Nfxe4 25. Qc4 Qf6 26. Rad1 Qc3 27. Rc1 Qxc4 28. Rxc4 f5 29. N1d2 Nxd2 30. Rxe8+ Rxe8 31. Nxd2 Re1+ 32. Kh2 Nd3 33. Rd4 Nxf2 34. Rxf4 Ne4 35. Nxe4 fxe4 36. a5 c5 37. a6 Ra1 38. Rxe4 Rxa6 39. Re8+ Kf7 40. Rc8 Ra5 41. Kg3 Ke6 42. Kf4 Kd6 43. Rd8+ Kc6 44. Rc8+ Kd6 45. Rd8+ Kc7 46. Rh8 Ra3 47. Rxh7+ Kd6 48. Rg7 Rxb3 49. Rxg6+ Kd5 50. h4 c4 51. Rg8 c3 52. Ke3 Rb2 53. h5 c2 54. Rd8+ Kc6 55. Kd2 b3 56. Rc8+ Kd7 57. h6 Rb1 58. h7 Rd1+ 59. Ke2 Rh1 0-1

[Event "Balatonlelle Rigo Memorial GM 2nd"]
[Site "Balatonlelle"]
[Date "2023.06.16"]
[Round "3"]
[White "Vaishali, Ramesh Babu"]
[Black "Guo, Arthur"]
[Result "1/2-1/2"]
[WhiteElo "2416"]
[BlackElo "2445"]
[PlyCount "140"]
[EventDate "2023.06.14"]
[EventType "tourn"]
[EventRounds "9"]
[EventCountry "HUN"]
[EventCategory "6"]
[SourceTitle "CBM 214 Extra"]
[Source "ChessBase"]
[SourceDate "2023.07.31"]
[SourceVersion "1"]
[SourceVersionDate "2023.07.31"]
[SourceQuality "1"]

1. Nf3 Nf6 2. g3 d5 3. Bg2 c5 4. 0-0 Nc6 5. c4 d4 6. d3 e5 7. e3 Bd6 8. exd4 cxd4 9. a3 a5 10. Bg5 h6 11. Bxf6 Qxf6 12. Nbd2 Qd8 13. Re1 0-0 14. c5 Bc7 15. Nc4 Re8 16. Nfd2 Be6 17. Rc1 a4 18. Ne4 Na5 19. Ned6 Bxc4 20. Nxc4 Nb3 21. Bxb7 Ra7 22. Bg2 Nxc1 23. Qxc1 f5 24. Qd1 Qf6 25. Qh5 Rf8 26. Qf3 Kh8 27. h4 Bb8 28. Re2 e4 29. dxe4 Qc6 30. exf5 Qxc5 31. Qd5 Qc8 32. Qxd4 Qxf5 33. Ne5 Re8 34. Bh3 Qb1+ 35. Kh2 Bxe5 36. Rxe5 Rxe5 37. Qxe5 Ra8 38. Bf5 Qf1 39. Qd4 Re8 40. Bd3 Qd1 41. Kg2 Qb3 42. Be4 Qb5 43. Bd3 Qc6+ 44. f3 Rb8 45. Qe5 Rf8 46. Be4 Qc4 47. Qd6 Qf7 48. Kh3 Rc8 49. Qd4 Qe6+ 50. g4 Qa6 51. g5 Qf1+ 52. Kg3 Qc1 53. Kg4 Rf8 54. Qd6 Qc8+ 55. Kh5 Qe8+ 56. Bg6 Qc8 57. Be4 hxg5 58. Qg6 Qe8 59. hxg5 Qxg6+ 60. Kxg6 Rf4 61. Bd5 Rd4 62. Bf7 Rd8 63. f4 Rb8 64. f5 Rxb2 65. Be8 Rb8 66. Kf7 Rb3 67. Bxa4 Rxa3 68. Bd7 Rg3 69. g6 Rf3 70. Be6 Rf2 1/2-1/2

[Event "Budapest FS06 GM"]
[Site "Budapest"]
[Date "2023.06.10"]
[Round "7"]
[White "Guo, Arthur"]
[Black "Shoshin, Kirill"]
[Result "1-0"]
[WhiteElo "2445"]
[BlackElo "2329"]
[PlyCount "97"]
[EventDate "2023.06.03"]
[EventType "tourn"]
[EventRounds "9"]
[EventCountry "HUN"]
[EventCategory "6"]
[SourceTitle "CBM 214 Extra"]
[Source "ChessBase"]
[SourceDate "2023.07.31"]
[SourceVersion "1"]
[SourceVersionDate "2023.07.31"]
[SourceQuality "1"]

1. e4 c5 2. Nf3 Nc6 3. Bb5 g6 4. Bxc6 dxc6 5. d3 Bg7 6. h3 a5 7. e5 Nh6 8. 0-0 Nf5 9. c3 Be6 10. Qe2 Qd7 11. Nbd2 Rd8 12. Ne4 b6 13. Rd1 0-0 14. Bf4 f6 15. Bh2 Bh6 16. b3 Bd5 17. Re1 Ng7 18. exf6 exf6 19. Rad1 Nh5 20. c4 Bxe4 21. dxe4 Qe7 22. e5 Bf4 23. Rxd8 Bxh2+ 24. Kxh2 Rxd8 25. Qe4 Qe6 26. g4 Ng7 27. Qf4 f5 28. Ng5 Qe7 29. e6 Rd4 30. Qb8+ Rd8 31. Qf4 Rd4 32. Qe3 a4 33. bxa4 fxg4 34. Qe5 Rd6 35. a5 bxa5 36. Qxc5 g3+ 37. Kh1 gxf2 38. Qxf2 Nf5 39. c5 Rd5 40. Qf4 Rxc5 41. Qb8+ Kg7 42. Nf7 g5 43. Qh8+ Kg6 44. Qg8+ Ng7 45. Ne5+ Kh6 46. Qf7 Qxf7 47. exf7 Ne6 48. Nd7 Kg7 49. f8Q+ 1-0

[Event "Budapest FS06 GM"]
[Site "Budapest"]
[Date "2023.06.03"]
[Round "1"]
[White "Aveskulov, Valeriy"]
[Black "Guo, Arthur"]
[Result "0-1"]
[WhiteElo "2506"]
[BlackElo "2445"]
[PlyCount "82"]
[EventDate "2023.06.03"]
[EventType "tourn"]
[EventRounds "9"]
[EventCountry "HUN"]
[EventCategory "6"]
[SourceTitle "CBM 214 Extra"]
[Source "ChessBase"]
[SourceDate "2023.07.31"]
[SourceVersion "1"]
[SourceVersionDate "2023.07.31"]
[SourceQuality "1"]

1. e4 e5 2. Nf3 Nc6 3. Bb5 a6 4. Ba4 Nf6 5. 0-0 b5 6. Bb3 Bc5 7. a4 Bb7 8. d3 0-0 9. Be3 Bxe3 10. fxe3 Na5 11. Ba2 d5 12. Nxe5 dxe4 13. d4 Nc6 14. Nc3 Nb4 15. Bb3 Nbd5 16. Qd2 b4 17. Nxd5 Bxd5 18. Qxb4 a5 19. Qa3 Bxb3 20. Qxb3 Rb8 21. Qa3 Rb6 22. c4 Nd7 23. Rf5 Nxe5 24. Rxe5 Qh4 25. g3 Qg4 26. Rf1 h5 27. Rf4 Qe2 28. Rf2 Qe1+ 29. Kg2 h4 30. gxh4 Qd1 31. Rg5 Rb4 32. Qc3 f6 33. Rb5 Qg4+ 34. Kf1 Rxa4 35. b3 Rb4 36. Rxb4 axb4 37. Qxb4 Qh3+ 38. Kg1 Qxe3 39. Qc5 f5 40. Kg2 f4 41. Qd5+ Rf7 0-1

[Event "Budapest SixDays 05 GM-A"]
[Site "Budapest"]
[Date "2023.05.29"]
[Round "5"]
[White "Guo, Arthur"]
[Black "Berczes, David"]
[Result "1-0"]
[WhiteElo "2445"]
[BlackElo "2439"]
[PlyCount "75"]
[EventDate "2023.05.27"]
[EventType "tourn"]
[EventRounds "9"]
[EventCountry "HUN"]
[EventCategory "9"]
[SourceTitle "CBM 214 Extra"]
[Source "ChessBase"]
[SourceDate "2023.07.31"]
[SourceVersion "1"]
[SourceVersionDate "2023.07.31"]
[SourceQuality "1"]

1. e4 c5 2. Nf3 e6 3. d4 cxd4 4. Nxd4 Nf6 5. Nc3 Nc6 6. a3 d5 7. Bb5 Bd7 8. exd5 exd5 9. Bg5 Be7 10. 0-0 0-0 11. Re1 Re8 12. h3 h6 13. Be3 Bd6 14. Nb3 a6 15. Bf1 Bf5 16. Qd2 Rxe3 17. fxe3 Ne5 18. Nd4 Ne4 19. Nxe4 Bxe4 20. Bd3 Qg5 21. Rf1 Re8 22. Bxe4 dxe4 23. Qf2 g6 24. Rad1 Bc7 25. b3 f5 26. Kh1 Qe7 27. Ne2 Bb8 28. Nf4 Rf8 29. Qd2 Kh7 30. Qd5 Re8 31. Qd2 Qxa3 32. Qc3 Qe7 33. Rd4 h5 34. Rfd1 Kh6 35. Rd5 Qc7 36. Rc5 Qf7 37. Rc8 Rxc8 38. Qxc8 1-0

[Event "Budapest SixDays 05 GM-A"]
[Site "Budapest"]
[Date "2023.05.28"]
[Round "3"]
[White "Guo, Arthur"]
[Black "Dudin, Gleb"]
[Result "1-0"]
[WhiteElo "2445"]
[BlackElo "2475"]
[PlyCount "81"]
[EventDate "2023.05.27"]
[EventType "tourn"]
[EventRounds "9"]
[EventCountry "HUN"]
[EventCategory "9"]
[SourceTitle "CBM 214 Extra"]
[Source "ChessBase"]
[SourceDate "2023.07.31"]
[SourceVersion "1"]
[SourceVersionDate "2023.07.31"]
[SourceQuality "1"]

1. e4 e5 2. Nf3 Nc6 3. Bc4 Bc5 4. c3 Nf6 5. d3 d6 6. b4 Bb6 7. a4 a5 8. b5 Ne7 9. 0-0 0-0 10. Re1 Ng6 11. Nbd2 c6 12. bxc6 bxc6 13. Ba3 Re8 14. Rb1 Ba7 15. d4 exd4 16. cxd4 d5 17. exd5 Rxe1+ 18. Qxe1 cxd5 19. Bb5 Bf5 20. Rc1 h6 21. Bc5 Ne4 22. Nxe4 Bxe4 23. Nd2 Bf5 24. Bc6 Nf4 25. Bxa8 Nd3 26. Qe3 Nxc1 27. Bc6 Bb8 28. Bb5 Na2 29. Nf3 Nb4 30. Ne5 Bd6 31. Qf4 Be6 32. Nxf7 Bxf4 33. Nxd8 Bf5 34. Bb6 Nc2 35. Nc6 Kf7 36. Nxa5 Na3 37. Bc5 Nxb5 38. axb5 Ke8 39. b6 Kd7 40. g3 Bb8 41. Bf8 1-0

[Event "USA-ch U16"]
[Site "Schaumburg"]
[Date "2022.07.08"]
[Round "2"]
[White "Mardov, Dimitar"]
[Black "Guo, Arthur"]
[Result "0-1"]
[WhiteElo "2396"]
[BlackElo "2438"]
[PlyCount "62"]
[EventDate "2022.07.07"]
[EventType "tourn"]
[EventRounds "9"]
[EventCountry "USA"]
[EventCategory "5"]
[SourceTitle "CBM 209 Extra"]
[Source "ChessBase"]
[SourceDate "2022.09.30"]
[SourceVersion "1"]
[SourceVersionDate "2022.09.30"]
[SourceQuality "1"]

1. d4 Nf6 2. Nf3 d5 3. c4 e6 4. Nc3 Nbd7 5. cxd5 exd5 6. Bg5 Bb4 7. e3 h6 8. Bxf6 Qxf6 9. Bd3 c6 10. 0-0 0-0 11. a3 Bd6 12. e4 dxe4 13. Nxe4 Qe7 14. Re1 Nf6 15. Ne5 Nxe4 16. Bxe4 Be6 17. Bc2 Bxe5 18. Rxe5 Qf6 19. Qd3 g6 20. Rae1 Kg7 21. Qe3 Rad8 22. f4 Rd5 23. Be4 Rd6 24. f5 gxf5 25. Rf1 Qg5 26. Rf4 f6 27. h4 Qh5 28. Bxf5 fxe5 29. Qxe5+ Rf6 30. g4 Qxh4 31. Qxd6 Qg3+ 0-1

[Event "USA-ch U16"]
[Site "Schaumburg"]
[Date "2022.07.07"]
[Round "1"]
[White "Guo, Arthur"]
[Black "Chen, Ryo"]
[Result "0-1"]
[WhiteElo "2438"]
[BlackElo "2242"]
[PlyCount "84"]
[EventDate "2022.07.07"]
[EventType "tourn"]
[EventRounds "9"]
[EventCountry "USA"]
[EventCategory "5"]
[SourceTitle "CBM 209 Extra"]
[Source "ChessBase"]
[SourceDate "2022.09.30"]
[SourceVersion "1"]
[SourceVersionDate "2022.09.30"]
[SourceQuality "1"]

1. e4 c5 2. Nf3 d6 3. d4 cxd4 4. Nxd4 Nf6 5. Nc3 Nc6 6. Bg5 e6 7. Qd3 Bd7 8. 0-0-0 a6 9. Kb1 Qb6 10. Nxc6 Bxc6 11. f3 Be7 12. h4 h6 13. Be3 Qa5 14. g4 d5 15. e5 Nd7 16. Bd4 h5 17. gxh5 Rxh5 18. f4 g6 19. Qg3 0-0-0 20. Be2 Rh7 21. Bf3 Rdh8 22. h5 gxh5 23. f5 Bc5 24. Qh3 Bxd4 25. Rxd4 Re8 26. fxe6 fxe6 27. Bg4 Qc5 28. Rhd1 Qe7 29. Be2 Kb8 30. Bd3 Rhh8 31. Re1 Qg5 32. a4 Nc5 33. Qh2 Reg8 34. Rh4 Nxd3 35. cxd3 Qf5 36. Qe2 Rg5 37. a5 Rhg8 38. Rh2 h4 39. Rxh4 Rg2 40. Qd1 Qf2 41. Rb4 Rg1 42. Rxg1 Rxg1 0-1

[Event "Las Vegas National op"]
[Site "Las Vegas"]
[Date "2022.06.11"]
[Round "7"]
[White "Cordova, Emilio"]
[Black "Guo, Arthur"]
[Result "1/2-1/2"]
[WhiteElo "2549"]
[BlackElo "2427"]
[PlyCount "59"]
[EventDate "2022.06.08"]
[EventType "swiss"]
[EventRounds "9"]
[EventCountry "USA"]
[SourceTitle "CBM 208 Extra"]
[Source "ChessBase"]
[SourceDate "2022.07.31"]
[SourceVersion "1"]
[SourceVersionDate "2022.07.31"]
[SourceQuality "1"]

1. Nf3 Nf6 2. g3 d5 3. Bg2 e6 4. 0-0 c5 5. d4 cxd4 6. Nxd4 e5 7. Nb3 Be6 8. Nc3 Be7 9. f4 exf4 10. gxf4 g6 11. Nd4 Nc6 12. Nxe6 fxe6 13. e4 Qb6+ 14. Kh1 dxe4 15. Nxe4 Nxe4 16. Bxe4 0-0 17. Qd7 Rf6 18. Bxc6 Qxc6+ 19. Qxc6 bxc6 20. Be3 Kf7 21. Rad1 Ke8 22. Bd4 Rf5 23. Rfe1 Kf7 24. Be5 Rd8 25. Rxd8 Bxd8 26. Rd1 Ke7 27. h4 h6 28. Kg2 g5 29. Kg3 Ke8 30. hxg5 1/2-1/2

[Event "Las Vegas National op"]
[Site "Las Vegas"]
[Date "2022.06.10"]
[Round "4"]
[White "Guo, Arthur"]
[Black "Levine, Joseph1"]
[Result "1-0"]
[WhiteElo "2427"]
[BlackElo "2108"]
[PlyCount "101"]
[EventDate "2022.06.08"]
[EventType "swiss"]
[EventRounds "9"]
[EventCountry "USA"]
[SourceTitle "CBM 208 Extra"]
[Source "ChessBase"]
[SourceDate "2022.07.31"]
[SourceVersion "1"]
[SourceVersionDate "2022.07.31"]
[SourceQuality "1"]

1. e4 e6 2. d4 d5 3. e5 c5 4. c3 Nc6 5. Nf3 Qb6 6. Be2 cxd4 7. cxd4 Nge7 8. Na3 Nf5 9. Nc2 Bb4+ 10. Kf1 h5 11. h4 Bd7 12. a3 Be7 13. b4 Rc8 14. g3 g6 15. Kg2 Kf8 16. Bf4 Kg7 17. Qd2 Rc7 18. Rhd1 Rhc8 19. Ne3 Nd8 20. Nxf5+ exf5 21. e6 Nxe6 22. Bxc7 Rxc7 23. b5 Bxb5 24. Rdb1 Bxe2 25. Rxb6 Bxf3+ 26. Kxf3 axb6 27. Rb1 Rc2 28. Qd3 Ra2 29. Kg2 Rxa3 30. Qe2 Bxh4 31. Rxb6 Bf6 32. Rxb7 Nd8 33. Rd7 Ra4 34. Qe8 Rxd4 35. Rxd8 Bxd8 36. Qxd8 Re4 37. Kh3 Re6 38. Qxd5 Kf6 39. Qd4+ Ke7 40. Qg7 f4 41. Kh4 fxg3 42. fxg3 Rf6 43. Kg5 Rf5+ 44. Kh6 Kd6 45. Qd4+ Ke7 46. Kg7 Ke8 47. Qd6 Rf1 48. Qc6+ Kd8 49. Qd5+ Ke7 50. Qd3 Rf2 51. Qd4 1-0

[Event "Las Vegas National op"]
[Site "Las Vegas"]
[Date "2022.06.09"]
[Round "3"]
[White "Chasin, Nico Werner"]
[Black "Guo, Arthur"]
[Result "1/2-1/2"]
[WhiteElo "2302"]
[BlackElo "2427"]
[PlyCount "80"]
[EventDate "2022.06.08"]
[EventType "swiss"]
[EventRounds "9"]
[EventCountry "USA"]
[SourceTitle "CBM 208 Extra"]
[Source "ChessBase"]
[SourceDate "2022.07.31"]
[SourceVersion "1"]
[SourceVersionDate "2022.07.31"]
[SourceQuality "1"]

1. d4 Nf6 2. c4 e6 3. Nf3 d5 4. g3 Bb4+ 5. Bd2 Be7 6. Bg2 0-0 7. 0-0 c6 8. Qc2 Nbd7 9. b3 b6 10. Bf4 Ba6 11. Nbd2 Nh5 12. Be3 Rc8 13. Rfd1 f5 14. Nf1 g5 15. Ne5 Nxe5 16. dxe5 f4 17. Bc1 Qe8 18. g4 Ng7 19. Bf3 Qf7 20. Bb2 Rfd8 21. Nd2 Bb7 22. Rac1 c5 23. Nb1 Rd7 24. Nc3 Rcd8 25. Nb5 Ba8 26. b4 cxb4 27. Nd6 Bxd6 28. exd6 Rxd6 29. Qa4 Qd7 30. Qxb4 a5 31. Qa3 d4 32. c5 bxc5 33. Rxc5 Bxf3 34. Qxf3 Qa4 35. Qb3 Qxb3 36. axb3 h6 37. Rxa5 Ne8 38. h4 gxh4 39. Bc1 d3 40. Rxd3 Rxd3 1/2-1/2